Online
Catalog

Ideología y luchas revolucionarias de José Martí / (Record no. 6416)

MARC details
000 -CABECERA
campo de control de longitud fija 00925cam a2200241 a 4500
001 - NÚMERO DE CONTROL
campo de control 000006626
005 - FECHA Y HORA DE LA ÚLTIMA TRANSACCIÓN
campo de control 20200929153948.0
008 - DATOS DE LONGITUD FIJA--INFORMACIÓN GENERAL
campo de control de longitud fija 860221s1984 cu b 001 0 spa
040 ## - FUENTE DE LA CATALOGACIÓN
Centro catalogador/agencia de origen DO-SdBNP
Lengua de catalogación spa
Centro/agencia transcriptor DLC
Centro/agencia modificador BNPHU
082 ## - NÚMERO DE LA CLASIFICACIÓN DECIMAL DEWEY
Número de clasificación 928.7291
Número de documento/Ítem M828i
049 ## - FONDOS LOCALES (OCLC)
Fondos de biblioteca BNGR
100 1# - ENTRADA PRINCIPAL--NOMBRE DE PERSONA
Nombre de persona Morales Pérez, Salvador E.
Fechas asociadas al nombre 1939-
9 (RLIN) 18388
245 10 - MENCIÓN DE TÍTULO
Título Ideología y luchas revolucionarias de José Martí /
Mención de responsabilidad, etc. Salvador E. Morales Pérez ; edición Elba Pérez Rodríguez.
260 ## - PUBLICACIÓN, DISTRIBUCIÓN, ETC.
Lugar de publicación, distribución, etc. La Habana, Cuba :
Nombre del editor, distribuidor, etc. Editorial Ciencias Sociales,
Fecha de publicación, distribución, etc. 1984.
300 ## - DESCRIPCIÓN FÍSICA
Extensión 582 p. ;
Dimensiones 18 cm.
490 1# - MENCIÓN DE SERIE
Mención de serie Políticas
504 ## - NOTA DE BIBLIOGRAFÍA, ETC.
Nota de bibliografía, etc. Incluye referencias bibliográficas (p. 565-582).
600 14 - PUNTO DE ACCESO ADICIONAL DE MATERIA--NOMBRE DE PERSONA
Nombre de persona MARTÍ, JOSÉ,
Fechas asociadas al nombre 1853-1895
Subdivisión general OPINIONES POLÍTICAS Y SOCIALES
9 (RLIN) 18389
600 14 - PUNTO DE ACCESO ADICIONAL DE MATERIA--NOMBRE DE PERSONA
Nombre de persona MARTÍ, JOSÉ
Fechas asociadas al nombre 1853-1895
Subdivisión general PENSAMIENTO POLÍTICO
9 (RLIN) 18390
700 1# - PUNTO DE ACCESO ADICIONAL--NOMBRE DE PERSONA
Nombre de persona Pérez Rodríguez, Elba
Término indicativo de función/relación ed.
9 (RLIN) 18391
830 #0 - PUNTO DE ACCESO ADICIONAL DE SERIE-TÍTULO UNIFORME
Título uniforme Políticas.
9 (RLIN) 18392
910 ## - DATOS DE OPCIÓN DEL USUARIO (OCLC)
Datos de opción del usuario Catalogación por copia / LC
Holdings
Estado de retiro Estado de pérdida Restricciones de uso No para préstamo Código de colección Localización permanente Ubicación/localización actual Ubicación en estantería Fecha de adquisición Número de inventario Total de préstamos Signatura topográfica completa Código de barras Fecha visto por última vez Precio válido a partir de Tipo de ítem Koha
    Préstamo interno   Monografías: Libros y Folletos General General En catalogación 01.09.2009 LF1   928.7291 M828i 6626-10 25.06.2020 25.06.2020 Préstamo interno

Powered by Koha